00686nam a2200217Ia 450000500170000000800410001702000100005804000190006804100120008708200160009910000160011524500650013126000340019630000210023050400500025165000200030185000100032194200070033199900160033895201140035420221123131814.0131103s9999 xx 000 0 und d cRs.95 aLoreto College aEnglish a954.01bSIR aSarkar,D.C. aEarly Indian Numismatic and epigraphical studiescD.C.Sarkar aCalcuttabIndian Museumc1977 ax,170 p.b plate aIncludes bibliographical references and index aAncient History aLCLIB cBK c9446d59925 00102ddc4070aMAINbMAINd2013-11-04l1o954.01 SIR 36937pB9323r2023-01-03s2022-12-21w2013-11-04yBKf